Topology (Record no. 88)

MARC details
000 -LEADER
fixed length control field 00389 a2200169 4500
001 - CONTROL NUMBER
control field 002486
003 - CONTROL NUMBER IDENTIFIER
control field OSt
005 - DATE AND TIME OF LATEST TRANSACTION
control field 20220127170210.0
008 - FIXED-LENGTH DATA ELEMENTS--GENERAL INFORMATION
fixed length control field
082 ## - DEWEY DECIMAL CLASSIFICATION NUMBER
Classification number 514
Item number J25T
100 1# - MAIN ENTRY--PERSONAL NAME
Personal name Janich, Klaus
245 1# - TITLE STATEMENT
Title Topology
Statement of responsibility, etc by Klaus Janich
260 ## - PUBLICATION, DISTRIBUTION, ETC. (IMPRINT)
Place of publication, distribution, etc New York
Name of publisher, distributor, etc Springer
Date of publication, distribution, etc 2006
300 ## - PHYSICAL DESCRIPTION
Extent 192p.
653 ## - INDEX TERM--UNCONTROLLED
Uncontrolled term Topology; Mathematics
942 ## - ADDED ENTRY ELEMENTS (KOHA)
Source of classification or shelving scheme Dewey Decimal Classification
Koha item type Books
Holdings
Withdrawn status Lost status Source of classification or shelving scheme Damaged status Not for loan Collection code Home library Current library Date acquired Source of acquisition Cost, normal purchase price Full call number Barcode Date last seen Price effective from Koha item type
    Dewey Decimal Classification     General Text Book Central University Of Rajasthan Central University Of Rajasthan 28/09/2010 MTH 495.00 514 J25T 2478 21/11/2024 02/09/2020 Books